000 00282nam a22001337a 4500
008 180921b xxu||||| |||| 00| 0 eng d
020 _a071671499
041 _aeng
080 _a541
100 _a12
101 _aKIM
245 _aGeneral Chemistry
_cRock P.A
942 _2udc
_cBK
999 _c48173
_d48173